| 000 | 01333 a2200217 4500 | ||
|---|---|---|---|
| 001 | 48773 | ||
| 005 | 20260407155753.0 | ||
| 008 | 260407a1968 arg spa d | ||
| 003 | AR-UNSa-BCEJYS | ||
| 040 |
_aAR-UNSa-BCEJYS _bspa _cAR-UNSa-BCEJYS |
||
| 080 |
_a330.8 _xHistoria de las teorías, Doctrinas, Dogmas económicos (pensamiento económico) |
||
| 245 | 1 | 0 | _aEl pensamiento económico en el siglo XX |
| 250 | _a2a.ed. | ||
| 264 | 1 |
_aBarcelona : _bOikos-tau _c1968 |
|
| 300 |
_a183 p. _c21 cm. |
||
| 505 | _a1. La situación a principios de siglo: la teoría del equilibrio - 2. La sistematización epistemológica de Robbins y la economía del bienestar - 3. Schumpeter y la teoría del desarrollo económico - 4. La crítica de Sraffa y las nuevas teorías del mercado - 5. Keynes - 6. Las nuevas direcciones de la política económica - 7. Las nuevas direcciones de la política económica - 7. La teoría del estancamiento económico - 8. La economía matemática y econometría - 9. La teoría de la planificación - 10. La teoría del subdesarrollo económico - 11. Los problemas actuales de la economía mundial - 12. Conclusiones sobre el estado de la investigación económica. | ||
| 942 | _cBK | ||
| 590 | _aniveau_biblio:m niveau_hierar:0 | ||
| 100 | 1 | _aNapoleoni, Claudio | |
| 700 | 1 | _aPedrós Abelló, Alejandro | |
| 999 |
_c4710 _d4710 |
||